000 00424nam a2200157 i 4500
001 48979
003 ES-MaACL
005 20230906161847.0
007 t|
008 030703s1962 sp ||||1| spa d
100 1 _aCornide Ferrant, Alvaro.
_940630
245 1 3 _aLa brevedad eterna /
_cAlvaro Cornide Ferrant.
260 _aMadrid :
_bAgora,
_c[1962]
300 _a46 p. ;
_c23 cm.
852 _aES-MaACL
_j2025-F-16
_bR.49688
999 _c48979
_d48979